<?xml version="1.0" encoding="UTF-8"?>
<record
    xmlns:xsi="http://www.w3.org/2001/XMLSchema-instance"
    xsi:schemaLocation="http://www.loc.gov/MARC21/slim http://www.loc.gov/standards/marcxml/schema/MARC21slim.xsd"
    xmlns="http://www.loc.gov/MARC21/slim">

  <leader>00468    a2200169   4500</leader>
  <controlfield tag="005">20250613123653.0</controlfield>
  <datafield tag="020" ind1=" " ind2=" ">
    <subfield code="a">978-0-07-328211-4</subfield>
  </datafield>
  <datafield tag="082" ind1=" " ind2=" ">
    <subfield code="a">658.15 ROS</subfield>
  </datafield>
  <datafield tag="100" ind1=" " ind2=" ">
    <subfield code="a">ROSS. A. S.</subfield>
  </datafield>
  <datafield tag="245" ind1=" " ind2=" ">
    <subfield code="a">Fundamentals of Corporate Finance</subfield>
  </datafield>
  <datafield tag="250" ind1=" " ind2=" ">
    <subfield code="a">8th Ed.</subfield>
  </datafield>
  <datafield tag="260" ind1=" " ind2=" ">
    <subfield code="a">New York,</subfield>
    <subfield code="b">McGraw-Hill Irwin,</subfield>
    <subfield code="c">2008.</subfield>
  </datafield>
  <datafield tag="300" ind1=" " ind2=" ">
    <subfield code="a">xl,864p.:ill.;table,figures</subfield>
    <subfield code="b">Appendix, Index</subfield>
    <subfield code="c">25cm</subfield>
  </datafield>
  <datafield tag="700" ind1=" " ind2=" ">
    <subfield code="a">Westerfield W. Randolph , </subfield>
  </datafield>
  <datafield tag="700" ind1=" " ind2=" ">
    <subfield code="a">Jordan D. Bradford</subfield>
  </datafield>
  <datafield tag="942" ind1=" " ind2=" ">
    <subfield code="2">ddc</subfield>
    <subfield code="c">BKS</subfield>
  </datafield>
  <datafield tag="999" ind1=" " ind2=" ">
    <subfield code="c">3597</subfield>
    <subfield code="d">3597</subfield>
  </datafield>
  <datafield tag="952" ind1=" " ind2=" ">
    <subfield code="r">2025-06-10 11:25:10</subfield>
    <subfield code="l">0</subfield>
    <subfield code="o">658.15 ROS</subfield>
    <subfield code="p">MZA000589</subfield>
    <subfield code="v">565725.00</subfield>
    <subfield code="w">2025-06-10</subfield>
    <subfield code="y">BKS</subfield>
    <subfield code="1">0</subfield>
    <subfield code="2">ddc</subfield>
    <subfield code="4">0</subfield>
    <subfield code="7">0</subfield>
    <subfield code="0">0</subfield>
    <subfield code="a">003</subfield>
    <subfield code="b">003</subfield>
    <subfield code="c">GEN</subfield>
    <subfield code="d">2007-07-02</subfield>
    <subfield code="e">Library Budget</subfield>
    <subfield code="g">188575.00</subfield>
  </datafield>
  <datafield tag="952" ind1=" " ind2=" ">
    <subfield code="r">2025-06-10 11:25:10</subfield>
    <subfield code="l">0</subfield>
    <subfield code="o">658.15 ROS</subfield>
    <subfield code="p">MZA000590</subfield>
    <subfield code="v">565725.00</subfield>
    <subfield code="w">2025-06-10</subfield>
    <subfield code="y">BKS</subfield>
    <subfield code="1">0</subfield>
    <subfield code="2">ddc</subfield>
    <subfield code="4">0</subfield>
    <subfield code="7">0</subfield>
    <subfield code="0">0</subfield>
    <subfield code="a">003</subfield>
    <subfield code="b">003</subfield>
    <subfield code="c">GEN</subfield>
    <subfield code="d">2007-07-02</subfield>
    <subfield code="e">Library Budget</subfield>
    <subfield code="g">188575.00</subfield>
  </datafield>
  <datafield tag="952" ind1=" " ind2=" ">
    <subfield code="r">2025-06-10 11:29:24</subfield>
    <subfield code="l">0</subfield>
    <subfield code="o">658.15 ROS</subfield>
    <subfield code="p">MZA000591</subfield>
    <subfield code="v">565725.00</subfield>
    <subfield code="w">2025-06-10</subfield>
    <subfield code="y">BKS</subfield>
    <subfield code="1">0</subfield>
    <subfield code="2">ddc</subfield>
    <subfield code="4">0</subfield>
    <subfield code="7">0</subfield>
    <subfield code="0">0</subfield>
    <subfield code="a">003</subfield>
    <subfield code="b">003</subfield>
    <subfield code="c">GEN</subfield>
    <subfield code="d">2007-07-02</subfield>
    <subfield code="e">Library Budget</subfield>
    <subfield code="g">188575.00</subfield>
  </datafield>
  <datafield tag="952" ind1=" " ind2=" ">
    <subfield code="r">2025-06-10 11:29:24</subfield>
    <subfield code="l">0</subfield>
    <subfield code="o">658.15 ROS</subfield>
    <subfield code="p">MZA000592</subfield>
    <subfield code="v">565725.00</subfield>
    <subfield code="w">2025-06-10</subfield>
    <subfield code="y">BKS</subfield>
    <subfield code="1">0</subfield>
    <subfield code="2">ddc</subfield>
    <subfield code="4">0</subfield>
    <subfield code="7">0</subfield>
    <subfield code="0">0</subfield>
    <subfield code="a">003</subfield>
    <subfield code="b">003</subfield>
    <subfield code="c">GEN</subfield>
    <subfield code="d">2007-07-02</subfield>
    <subfield code="e">Library Budget</subfield>
    <subfield code="g">188575.00</subfield>
  </datafield>
  <datafield tag="952" ind1=" " ind2=" ">
    <subfield code="r">2025-06-10 11:29:24</subfield>
    <subfield code="l">0</subfield>
    <subfield code="o">658.15 ROS</subfield>
    <subfield code="p">MZA000593</subfield>
    <subfield code="v">565725.00</subfield>
    <subfield code="w">2025-06-10</subfield>
    <subfield code="y">BKS</subfield>
    <subfield code="1">0</subfield>
    <subfield code="2">ddc</subfield>
    <subfield code="4">0</subfield>
    <subfield code="7">0</subfield>
    <subfield code="0">0</subfield>
    <subfield code="a">003</subfield>
    <subfield code="b">003</subfield>
    <subfield code="d">2007-07-02</subfield>
    <subfield code="e">Library Budget</subfield>
    <subfield code="g">188575.00</subfield>
  </datafield>
  <datafield tag="952" ind1=" " ind2=" ">
    <subfield code="r">2025-06-10 11:29:24</subfield>
    <subfield code="l">0</subfield>
    <subfield code="o">658.15 ROS</subfield>
    <subfield code="p">MZA000594</subfield>
    <subfield code="v">565725.00</subfield>
    <subfield code="w">2025-06-10</subfield>
    <subfield code="y">BKS</subfield>
    <subfield code="1">0</subfield>
    <subfield code="2">ddc</subfield>
    <subfield code="4">0</subfield>
    <subfield code="7">0</subfield>
    <subfield code="0">0</subfield>
    <subfield code="a">003</subfield>
    <subfield code="b">003</subfield>
    <subfield code="c">GEN</subfield>
    <subfield code="d">2007-07-02</subfield>
    <subfield code="e">Library Budget</subfield>
    <subfield code="g">188575.00</subfield>
  </datafield>
  <datafield tag="952" ind1=" " ind2=" ">
    <subfield code="r">2025-06-10 11:29:24</subfield>
    <subfield code="l">0</subfield>
    <subfield code="o">658.15 ROS</subfield>
    <subfield code="p">MZA000595</subfield>
    <subfield code="v">565725.00</subfield>
    <subfield code="w">2025-06-10</subfield>
    <subfield code="y">BKS</subfield>
    <subfield code="1">0</subfield>
    <subfield code="2">ddc</subfield>
    <subfield code="4">0</subfield>
    <subfield code="7">0</subfield>
    <subfield code="0">0</subfield>
    <subfield code="a">003</subfield>
    <subfield code="b">003</subfield>
    <subfield code="c">GEN</subfield>
    <subfield code="d">2007-07-02</subfield>
    <subfield code="e">Library Budget</subfield>
    <subfield code="g">188575.00</subfield>
  </datafield>
  <datafield tag="952" ind1=" " ind2=" ">
    <subfield code="r">2025-06-10 11:29:24</subfield>
    <subfield code="l">0</subfield>
    <subfield code="o">658.15 ROS</subfield>
    <subfield code="p">MZA000596</subfield>
    <subfield code="v">565725.00</subfield>
    <subfield code="w">2025-06-10</subfield>
    <subfield code="y">BKS</subfield>
    <subfield code="1">0</subfield>
    <subfield code="2">ddc</subfield>
    <subfield code="4">0</subfield>
    <subfield code="7">0</subfield>
    <subfield code="0">0</subfield>
    <subfield code="a">003</subfield>
    <subfield code="b">003</subfield>
    <subfield code="c">GEN</subfield>
    <subfield code="d">2007-07-02</subfield>
    <subfield code="e">Library Budget</subfield>
    <subfield code="g">188575.00</subfield>
  </datafield>
  <datafield tag="952" ind1=" " ind2=" ">
    <subfield code="r">2025-06-10 11:29:24</subfield>
    <subfield code="l">0</subfield>
    <subfield code="o">658.15 ROS</subfield>
    <subfield code="p">MZA000597</subfield>
    <subfield code="v">565725.00</subfield>
    <subfield code="w">2025-06-10</subfield>
    <subfield code="y">BKS</subfield>
    <subfield code="1">0</subfield>
    <subfield code="2">ddc</subfield>
    <subfield code="4">0</subfield>
    <subfield code="7">0</subfield>
    <subfield code="0">0</subfield>
    <subfield code="a">003</subfield>
    <subfield code="b">003</subfield>
    <subfield code="c">GEN</subfield>
    <subfield code="d">2007-07-02</subfield>
    <subfield code="e">Library Budget</subfield>
    <subfield code="g">188575.00</subfield>
  </datafield>
  <datafield tag="952" ind1=" " ind2=" ">
    <subfield code="r">2025-06-10 11:29:24</subfield>
    <subfield code="l">0</subfield>
    <subfield code="o">658.15 ROS</subfield>
    <subfield code="p">MZA000598</subfield>
    <subfield code="v">565725.00</subfield>
    <subfield code="w">2025-06-10</subfield>
    <subfield code="y">BKS</subfield>
    <subfield code="1">0</subfield>
    <subfield code="2">ddc</subfield>
    <subfield code="4">0</subfield>
    <subfield code="7">0</subfield>
    <subfield code="0">0</subfield>
    <subfield code="a">003</subfield>
    <subfield code="b">003</subfield>
    <subfield code="c">GEN</subfield>
    <subfield code="d">2007-07-02</subfield>
    <subfield code="e">Library Budget</subfield>
    <subfield code="g">188575.00</subfield>
  </datafield>
  <datafield tag="952" ind1=" " ind2=" ">
    <subfield code="r">2025-06-10 11:29:24</subfield>
    <subfield code="l">0</subfield>
    <subfield code="o">658.15 ROS</subfield>
    <subfield code="p">MZA000599</subfield>
    <subfield code="v">565725.00</subfield>
    <subfield code="w">2025-06-10</subfield>
    <subfield code="y">BKS</subfield>
    <subfield code="1">0</subfield>
    <subfield code="2">ddc</subfield>
    <subfield code="4">0</subfield>
    <subfield code="7">0</subfield>
    <subfield code="0">0</subfield>
    <subfield code="a">003</subfield>
    <subfield code="b">003</subfield>
    <subfield code="c">GEN</subfield>
    <subfield code="d">2007-07-02</subfield>
    <subfield code="e">Library Budget</subfield>
    <subfield code="g">188575.00</subfield>
  </datafield>
  <datafield tag="952" ind1=" " ind2=" ">
    <subfield code="r">2025-06-10 11:29:24</subfield>
    <subfield code="l">0</subfield>
    <subfield code="o">658.15 ROS</subfield>
    <subfield code="p">MZA000600</subfield>
    <subfield code="v">565725.00</subfield>
    <subfield code="w">2025-06-10</subfield>
    <subfield code="y">BKS</subfield>
    <subfield code="1">0</subfield>
    <subfield code="2">ddc</subfield>
    <subfield code="4">0</subfield>
    <subfield code="7">0</subfield>
    <subfield code="0">0</subfield>
    <subfield code="a">003</subfield>
    <subfield code="b">003</subfield>
    <subfield code="c">GEN</subfield>
    <subfield code="d">2007-07-02</subfield>
    <subfield code="e">Library Budget</subfield>
    <subfield code="g">188575.00</subfield>
  </datafield>
</record>
